Sleeping dogs Quiz - Statistics

General Stats
  • This quiz has been taken 306 times
    289 since last reset
  • The average score is 8 of 18
Answer Stats
Hint Answer % Correct
Where does the game take place? Hong Kong
91%
What is the name of the protagonists old friend? Jackie Ma
88%
What is the name of the main protagonist? Wei Shen
87%
What is the nickname of Winstons main rival at the start of the game? Dogeyes
72%
What is the colour of main missions on the map? Green
59%
How many of Sifu's statues are missing? 11
55%
What character does Emma Stone voice? Amanda/Amy
52%
What is the Name of the Triad Chairman? Uncle Po
50%
What is the name of the gang you inflitrate? The Sun On Yee
49%
What is his real name? Sammy Lin
38%
Highest card in poker, also a racer. Ace
36%
What is the name of the protagonists handler? Raymond Mak
31%
What is the term given to Triad bigshots, (Winston is one of these) Red Poles
29%
What is the term given to side missions? Favors
17%
What is the name of the part of the Triad led by Winston? Water Street Gang
17%
What is the name of Durran Durran's song that appears in the game? Girls On Film (Night Version)
7%
What is the name of Tears for Fears song that appears in the game? Pale Shelter
4%
What is the name of Jackie's theme song? Miles to go (Instrumental)
2%
No matching quizzes found
Score Distribution
Percent of People with Each Score
Percentile by Number Answered
Your Score History
You have not taken this quiz since the last reset